000
00252nam a2200097Ia 4500
005
20251222114401.0
008
251222s1900||||xx |||||||||||||| ||spa||
082
_a
DVD0040/B45/1950
245
0
_a
Las minas del Rey Salomón:King Solomon's Mines
942
_c
DVD
999
_c
1648
_d
1648